| 000 | 02887cam a2200313 a 4500 | ||
|---|---|---|---|
| 003 | EG-GiCUC | ||
| 005 | 20250223031535.0 | ||
| 008 | 160808s2016 ua f m 000 0 ara d | ||
| 040 |
_aEG-GiCUC _bara _cEG-GiCUC |
||
| 041 | 0 | _aara | |
| 049 | _aايداع | ||
| 097 | _aدكتوراه | ||
| 099 | _aCai01.04.04.Ph.D.2016.مح.ت | ||
| 100 | 0 | _aمحمد فرج حسون | |
| 245 | 1 | 0 |
_aتعيين الحدود الدولية و تخطيطها / _cمحمد فرج حسون ؛ إشراف أحمد أبوالوفا |
| 260 |
_aالقاهرة : _bمحمد فرج حسون : _c2016 |
||
| 300 |
_a344 ص ؛ _c25سم |
||
| 502 | _aاطروحة (دكتوراه) - جامعة القاهرة - كلية الحقوق - قسم القانون الدولى العام | ||
| 520 | _aهذا البحث بعنوان (تعيين الحدود الدولية وتخطيطها) ويتناول هذا البحث الموضوع بالتفصيل ضمن بابين رئيسيين مسبوقين بالفصل التهميدي الذي يتكلم عن ماهية الحدود الدولية من حيث التطور والمفهوم. يتناول الباب الأول من هذه الدراسة تعيين الحدود في فصليين رئيسيين. الفصل الأول من الباب الأول يتناول بالدراسة المفهوم والمبادئ والطرق فضلاً عن العوامل التي قد تؤثر على تعيين الحدود. ويركز الفضل الثاني من الباب الأول على الآثار المترتبة على تعيين الحدود كوسيلة سواء من حيث الأصل أو المبادئ التي يمكن استخدامها في عملية التعيين: والتي قد تكون إثبات للحقوق المزعومة التي تتعلق بالحدود. أما الباب الثاني من هذا البحث فيتناول بالدراسة تخطيط الحدود الدولية ضمن فصليين رئيسيين: الفصل الأول يتناول المفهوم والمبادئ والمراحل التي تمر بها عملية التخطيط: والفصل الثاني يتناول الآثار المترتبة على تخطيط الحدود الدولية: كإدارة الحدود الدولية وسلطات وهيئات إدارة الحدود: وكذلك مبدأ ثبات الحدود وشروطه وتطبيقاته: وكذلك مبدأ حسن الجوار باعتباره أثر من آثار تخطيط الحدود الدولية | ||
| 530 | _aصدر ايضا كقرص مدمج | ||
| 653 | 4 | _aتخطيط الحدود الولية | |
| 653 | 4 | _aتعيين الحدود الدولية | |
| 653 | 4 | _aعلاقة الدول | |
| 700 | 0 |
_aأحمد أبوالوفا : _eمشرف |
|
| 856 | _uhttp://172.23.153.220/th.pdf | ||
| 905 |
_aNazla _eRevisor |
||
| 905 |
_aSamia _eCataloger |
||
| 942 |
_2ddc _cTH |
||
| 999 |
_c57374 _d57374 |
||